000 00975nam a2200289 i 4500
003 DO-SdBNP
005 20240408140707.0
007 ta
008 240408b2023 dr 000 0 spa d
020 _a9789945933833
040 _aDO-SdBNP
_bspa
_cBNPHU
_erda
082 4 _222
_bL793
100 _aLluveres, Katherine,
_eautora
_985141
245 1 0 _aCuando el dolor sana :
_batravesando el valle de la muerte con esperanza /
_cKatherine Luveres ; prólogo José Dunker L.
250 _a2a. edición
264 _aSanto Domingo
_bDikami multiservicios,
_c2023.
300 _a221 páginas ;
_c21 cm.
336 _2rdaontent
_atexto
_btxt
337 _2rdamedia
_asin mediación
_bn
338 _2rdacarrier
_avolumen
_bnc
500 _aIncluye datos biográficos de la autora en las páginas 215-217.
504 _aBibliografía p: 219-221
590 _aInventariado, 2024/ YL
700 1 _aDunker L., José,
_eprólogo
_981438
910 _aYLockward
942 _2ddc
_cLBS1
999 _c56292
_d56292